00532nam a22001697a 450000500170000001000130001702000260003003500110005603700130006708200080008010000310008824500620011924600480018126000530022927000580028230000220034020210720150717.0 aUR-11154 c200.00a9789390533596 aU-9709 bDBAD/PUB a841 aا نو ر آ فا قی  aلمسو ں کی خو شبو cا نو ر آ فا قی  aLamson Ki Khushboo (Urdu)bby Anwar Afaqui  aN.Delhi c2020 ءbEducational Publishing House  aD-1/16, Ansari Road, Darya Ganj,bN.Delhi e110002l- a80 ص c22 Cm(Hb)